Globalizácia na čínsky spôsob

Príchod Donalda Trumpa do Bieleho domu poskytol Pekingu príležitosť, o akej ani nesníval. Odstúpením od TPP prenechal Číne v Ázii priestor, ktorý Peking bez váhania využil. Čínsky prezident na Svetovom ekonomickom fóre v Davose upokojoval svetovú podnikateľskú smotánku, že globalizácia môže pokračov...

ver descrição completa

Na minha lista:
Detalhes bibliográficos
Autor principal: Pressburg, Adrian Peter
Formato: Capítulo de Livro
Idioma:eslovaco
Assuntos:
Tags: Adicionar Tag
Sem tags, seja o primeiro a adicionar uma tag!

MARC

LEADER 00000naa a2200000 4500
001 0231123
005 20221104112613.1
041 0 |a slo 
044 |a SK 
245 1 0 |a Globalizácia na čínsky spôsob  |c Adrian Peter Pressburg 
520 |a Príchod Donalda Trumpa do Bieleho domu poskytol Pekingu príležitosť, o akej ani nesníval. Odstúpením od TPP prenechal Číne v Ázii priestor, ktorý Peking bez váhania využil. Čínsky prezident na Svetovom ekonomickom fóre v Davose upokojoval svetovú podnikateľskú smotánku, že globalizácia môže pokračovať pod iným ako americkým vedením. Nová Hodvábna cesta je veľký investičný projekt a Slovensko nechce zostať bokom. Vážnejším vyzývateľom Číny v nasledujúcom desaťročí môže byť India a to v ázijsko-africkom priestore. 
610 2 0 |a globalizácia 
610 2 0 |a spolupráca hospodárska medzinárodná 
610 2 0 |a vzťahy medzinárodné 
610 2 0 |a doprava námorná 
610 2 0 |a obchod zahraničný 
610 2 0 |a obchod medzinárodný 
610 2 0 |a Čína 
610 2 0 |a USA 
610 2 0 |a Európska únia 
610 2 0 |a India 
100 1 |a Pressburg, Adrian Peter